| 000 | 01194nmc a2200373 a 4500 | ||
|---|---|---|---|
| 003 | AR-BaBNM | ||
| 005 | 20251128203901.0 | ||
| 008 | 067019s1950 ||||||||||||||000 | spa|| | ||
| 040 | _cAR-BaBNM | ||
| 100 | 1 | _aJones, Arthur J. | |
| 245 | 1 | 0 | _aEl sistema de unidades de trabajo escolar |
| 260 |
_aMéxico, D.F. _bUTEHA _c1950 |
||
| 300 | 1 |
_axv, 283 p. _bdiagr. |
|
| 490 | 0 | _aBiblioteca UTEHA. Clásicos y modernos de educación | |
| 500 | 0 | _aContiene apéndice | |
| 500 | 0 | _aContiene índice alfabético | |
| 504 | _aContiene bibliografía al final de cada capítulo | ||
| 650 | 4 | _aELABORACION DEL PLAN DE ESTUDIOS | |
| 650 | 4 | _aDIDACTICA | |
| 650 | 4 | _aPLANIFICACION DEL PLAN DE ESTUDIOS | |
| 650 | 4 | _aUNIDADES DE ESTUDIO [DISCIPLINAS] | |
| 650 | 4 | _aOBJETIVOS EDUCACIONALES | |
| 650 | 4 | _aOBJETIVOS DEL CURSO | |
| 650 | 4 | _aOBJETIVOS COGNOSCITIVOS | |
| 650 | 4 | _aEVALUACION DEL PROGRAMA | |
| 653 | 0 | _aEDUCACION PRIMARIA | |
| 653 | 0 | _aPROCESO DE ENSENANZA-APRENDIZAJE | |
| 700 | 1 | _aGrizzell, E.D. | |
| 700 | 1 | _aGrinstead, Wren Jones | |
| 700 | 1 |
_aBenjamín, Harold R.W. _eprologuista |
|
| 700 | 1 |
_aTirado Benedí, Domingo _etraductor |
|
| 942 | _cBK | ||
| 998 | _csilvi | ||
| 999 |
_c5320 _d5320 |
||